| 000 | 00408nam a2200169 a 4500 | ||
|---|---|---|---|
| 005 | 20140310183233.0 | ||
| 008 | 040709s19uu xx 00 eng d | ||
| 050 |
_aLB 1043 _b.N277 1994 |
||
| 100 | _aNTTC | ||
| 245 |
_aMedia in teaching : _bFD20 / _cNTTC. |
||
| 260 | _c1994. | ||
| 300 |
_a14 p. : _c22 cm. |
||
| 650 | _aMedia in teaching. | ||
| 942 |
_cBK _2lcc _kLOC |
||
| 999 |
_c20525 _d20525 |
||